[Event "zonal 2.5"]
[Site "Buenos Aires ARG"]
[Date "2000.08.04"]
[Round "9.7"]
[White "Crosa Coll, Martin"]
[Black "Slipak, Sergio David"]
[Result "1-0"]
[WhiteElo "2242"]
[BlackElo "2520"]
[EventDate "2000.07.26"]
[PlyCount "157"]

1.e4 e5 2.Nf3 Nc6 3.Bc4 Bc5 4.O-O Nf6 5.d3 d6 6.c3 Bg4 7.h3 Bh5 8.b4 Bb6 
9.Nbd2 O-O 10.Bb3 h6 11.a4 a5 12.b5 Ne7 13.g4 Nxg4 14.hxg4 Bxg4 15.Kh2 Qd7
16.Nc4 Kh8 17.Nxb6 cxb6 18.Rg1 f5 19.Rg3 Rf6 20.Qg1 Raf8 21.Bd1 Qe8 22.
Rxg4 fxg4 23.Qxg4 Qf7 24.Be3 Ng6 25.d4 Qe8 26.Nh4 Nf4 27.Bxf4 exf4 28.Bf3 
g5 29.Ng2 Qg6 30.Kg1 Kg7 31.Rd1 h5 32.Qxh5 Qxh5 33.Bxh5 Rh8 34.Bg4 Rfh6 
35.Kf1 Rh1+ 36.Ke2 Rxd1 37.Kxd1 Rh2 38.Ne1 Rxf2 39.e5 dxe5 40.Nd3 Ra2 41.
Nxe5 Rxa4 42.Bf3 Kf6 43.Bxb7 Kf5 44.Kc2 Ra1 45.c4 g4 46.c5 bxc5 47.b6 Ra2+
48.Kb3 Ra1 49.Kb2 Ra4 50.Nc6 Ke6 51.Ba8 f3 52.b7 f2 53.b8=Q f1=Q 54.Qe5+ 
Kf7 55.Nd8+ Kf8 56.Qd6+ Kg7 57.Ne6+ Kh6 58.Nxc5+ Kg5 59.Qe7+ Kh6 60.Qh4+ 
Kg7 61.Qxg4+ Kf6 62.Qh4+ Kg7 63.Qg5+ Kf8 64.Qd8+ Kg7 65.Qd7+ Kh6 66.Qxa4 
Qf2+ 67.Ka3 Qe1 68.Qc6+ Kg7 69.Qg2+ Kf8 70.Qf3+ Kg7 71.Qg4+ Kf8 72.Qf5+ 
Kg8 73.Qg6+ Kf8 74.Qf6+ Kg8 75.Bd5+ Kh7 76.Be4+ Kg8 77.Qe6+ Kg7 78.Qe7+ 
Kh6 79.Qf6+ 1-0